000 00311nam a22001217a 4500
041 _aEnglish
082 _a954.9266 MCC
100 _aMcCahill, Fr. Bob
245 _aI am Indeed Their Brother: Loving and Serving Allah's Poor
260 _aGujarat
_bGujarat Sahitya Prakash
_c2018
300 _a158
942 _cBK
999 _c20960
_d20960